Substance and reputation: successes and challenges for progressive and left parties and governments in South America /
Guardado en:
| Hovedforfatter: | |
|---|---|
| Format: | Bog |
| Sprog: | English |
| Udgivet: |
Alemania:
Friedrich-Ebert-Stiftung
|
| Tags: |
Tilføj Tag
Ingen Tags, Vær først til at tagge denne postø!
|
MARC
| LEADER | 00000nam a22000007a 4500 | ||
|---|---|---|---|
| 003 | cru CIDCACS/IIS | ||
| 005 | 20191205135331.0 | ||
| 008 | 191205s2010 gw r||p|r|0| || ||eng|| | ||
| 999 | |c 42719 |d 42719 | ||
| 040 | |c cru CIDCACS/IIS | ||
| 100 | 1 | |9 8850 |a Canzani, Agustín | |
| 245 | 1 | |a Substance and reputation: |b successes and challenges for progressive and left parties and governments in South America / |c Agustín Canzani | |
| 260 | |a Alemania: |b Friedrich-Ebert-Stiftung | ||
| 300 | |a páginas 223-234 | ||
| 310 | |a Trimestral | ||
| 773 | 0 | |0 42313 |9 3182 |a Friedrich-Ebert Stiftung |d Alemania: Friedrich-Ebert-Stiftung |o 18512 |t Internationale Politik und Gesellschaft = | |
| 942 | |2 ddc |c PP | ||
